Score 0/16 Timer 03:00
0 Plays Today
Clue 6-Letter Word % Correct
Crosby, ___ & Nash, folk rock supergroupSTILLS
86.5%
Talents or abilities, particularly those acquired through learningSKILLS
86%
FBI Special Agent Fox ___, 'The X-Files' male protagonist and partner of [Final Rung]✘ MULDER ✘
85.7%
Julia ___, '10 Things I Hate About You' starSTILES
83%
Crossbone counterpartsSKULLS
82.7%
FBI Special Agent Dana ___, 'The X-Files' female protagonist and partner of [First Rung]✘ SCULLY ✘
81.8%
Fashions one's hair or clothes to be on trendSTYLES
81.4%
Slowly decay or disintegrateMOLDER
75.1%
Clue 6-Letter Word % Correct
Slang term for a basketball playerBALLER
74.9%
Braver or exhibiting greater courageBOLDER
74.7%
Oars used at the stern of a boat to propel it forwardSCULLS
73.3%
Handheld device for removing water from a boatBAILER
68%
Wind-powered ship or boatSAILER
67.1%
___ the Brave, Marvel Comics character and half-brother of ThorBALDER
64.9%
Trudie ___, English actress and producer and the wife of StingSTYLER
52.6%
Battle of ___'s Creek, one of the last major engagements of the American Civil WarSAYLER
46.8%

Today's Daily Dose

Remove Ads.
Support Sporcle.
Get the best of Sporcle when you Go Orange. This ad-free experience offers more features, more stats, and more fun while also helping to support Sporcle. Thank you for becoming a member.

You're not logged in!

Compare scores with friends on all Sporcle quizzes.
OR
Log In

Show Comments

Extras

Top Quizzes Today


Score Distribution

Your Account Isn't Verified!

In order to create a playlist on Sporcle, you need to verify the email address you used during registration. Go to your Sporcle Settings to finish the process.

Report this User

Report this user for behavior that violates our Community Guidelines.

Details: